000 01198nam a2200325 a 4500
999 _c576
_d576
003 OSt
005 20190828155031.0
008 101122s2010 nyua j 000 1 eng d
020 _a9780241342725
020 _a9780241342800
_qBox set
040 _aDLC
_beng
_cDLC
_dCaOONL
_dCaOL
082 _aFIC KIN
100 1 _aKinney, Jeff.
_eauthor
245 1 0 _aDiary of a wimpy kid :
_bthe ugly truth /
_cby Jeff Kinney.
246 3 0 _aUgly truth.
260 _aLondon :
_bPuffin,
_c2015.
300 _a217 p. :
_bill.
_c20 cm.
490 1 _aDiary of a wimpy kid ;
_v5.
520 _aWhile trying to find a new best friend after feuding with Rowley, middle-school slacker Greg Heffley is warned by older family members that adolescence is a time to act more responsibly and to think seriously about his future.
650 0 _aMaturation (Psychology)
_vFiction.
650 0 _aFamilies
_vFiction.
650 0 _aFriendship
_vFiction.
650 0 _aMiddle schools
_vFiction.
650 0 _aSchools
_vFiction.
650 0 _aDiaries
_vFiction.
655 0 _aHumorous fiction.
690 _aLibrary spotlight: Diary of a Wimpy Kid Read Alikes.
830 0 _aDiary of a wimpy kid ;
_v5.
942 _2ddc
_cFIC